000
00277nam a2200109 4500
999
_c
9817
_d
9817
008
180718b ||||| |||| 00| 0 eng d
245
_a
The devant habit.
260
_a
Philippines
_b
Manila Bulletin
_c
c2016
300
_a
page C4.
650
0
_9
29064
_a
Technology.
942
_2
ddc
_c
PER